| 000 | 00360nam a2200133Ia 4500 | ||
|---|---|---|---|
| 008 | 220216s9999 xx 000 0 und d | ||
| 100 | _aAhmad Bin Ibrahim | ||
| 245 | 0 | _aNew discharge standards for rubber factory effluent | |
| 260 |
_bPlanters Bulletin _c1980 |
||
| 300 | _a156-157 | ||
| 650 | _aEffluent treatment | ||
| 650 | _aRubber effluent | ||
| 942 | _cJS | ||
| 999 |
_c63793 _d63793 |
||